Acta Operativo Oeconomica 46 Zborník Vysokej školy poľnohospodárskej v Nitre

Enregistré dans:
Détails bibliographiques
Format: Livre
Langue:slovaque
Publié: Bratislava Príroda 1991
Édition:1. vyd.
Tags: Ajouter un tag
Pas de tags, Soyez le premier à ajouter un tag!

MARC

LEADER 00000nam a2200000 4500
001 c028249
005 20221214093040.3
041 0 |a slo 
044 |a SK 
245 1 0 |a Acta Operativo Oeconomica 46  |b Zborník Vysokej školy poľnohospodárskej v Nitre 
250 |a 1. vyd. 
264 1 |a Bratislava  |b Príroda  |c 1991 
300 |a 291 s.